2021-22 NFL Week 1 Starting QBs - Statistics

General Stats
  • This quiz has been taken 162 times
  • The average score is 29 of 32
Answer Stats
Hint Answer % Correct
Dallas Cowboys Dak Prescott
100%
New York Giants Daniel Jones
99%
Philadelphia Eagles Jalen Hurts
99%
New England Patriots Mac Jones
98%
Tampa Bay Buccaneers Tom Brady
98%
Cincinnati Bengals Joe Burrow
97%
Kansas City Chiefs Patrick Mahomes
97%
Green Bay Packers Aaron Rodgers
96%
Buffalo Bills Josh Allen
96%
Baltimore Ravens Lamar Jackson
96%
Seattle Seahawks Russell Wilson
96%
Tennessee Titans Ryan Tannehill
96%
Miami Dolphins Tua Tagovailoa
96%
New York Jets Zach Wilson
96%
Los Angeles Chargers Justin Herbert
95%
Las Vegas Raiders Derek Carr
94%
Detroit Lions Jared Goff
94%
Minnesota Vikings Kirk Cousins
94%
Arizona Cardinals Kyler Murray
94%
Los Angeles Rams Matthew Stafford
94%
Jacksonville Jaguars Trevor Lawrence
93%
Atlanta Falcons Matt Ryan
92%
Cleveland Browns Baker Mayfield
91%
New Orleans Saints Jameis Winston
91%
San Francisco 49ers Jimmy Garoppolo
91%
Indianapolis Colts Carson Wentz
89%
Pittsburgh Steelers Ben Roethlisberger
87%
Carolina Panthers Sam Darnold
86%
Chicago Bears Andy Dalton
82%
Denver Broncos Teddy Bridgewater
74%
Washington Football Team Ryan Fitzpatrick
72%
Houston Texans Tyrod Taylor
70%
No matching quizzes found
Score Distribution
Percent of People with Each Score
Percentile by Number Answered
Your Score History
You have not taken this quiz